|
|
|
|
| LEADER |
00000naa2a2200000 4500 |
| 001 |
431841 |
| 005 |
20231101075420.0 |
| 035 |
|
|
|a (RuTPU)RU\TPU\prd\92014
|
| 035 |
|
|
|a RU\TPU\prd\34570
|
| 090 |
|
|
|a 431841
|
| 100 |
|
|
|a 20101202a2004 k y0rusy50 ca
|
| 101 |
0 |
|
|a rus
|
| 102 |
|
|
|a RU
|
| 200 |
1 |
|
|a Мезоскопическое смешивание фаз спиновой ориентации в частицах с изинговскими ионами: гольмий-иттриевые ферриты-гранаты в сильных магнитных полях
|f А. И. Попов, А. Ф. Попков, Н. Е. Кулагин
|
| 225 |
1 |
|
|a Твердые тела
|e Электронные свойства
|
| 320 |
|
|
|a Библиогр.: 20 назв.
|
| 461 |
|
1 |
|0 (RuTPU)RU\TPU\prd\1443
|x 0044-4510
|t Журнал экспериментальной и теоретической физики
|l ЖЭТФ
|f Российская академия наук (РАН) ; Отделение физических наук РАН
|d 1931-
|
| 463 |
|
1 |
|0 (RuTPU)RU\TPU\prd\92000
|t Т. 126, вып. 4
|v с. 962-978
|d 2004
|
| 610 |
1 |
|
|a малые частицы
|
| 610 |
1 |
|
|a макроскопическое квантовое туннелирование
|
| 610 |
1 |
|
|a изинговские примесные ионы
|
| 610 |
1 |
|
|a сильные магнитные поля
|
| 610 |
1 |
|
|a макроскопическая квантовая когерентность
|
| 610 |
1 |
|
|a магнитные мезоскопические системы
|
| 610 |
1 |
|
|a фазовые переходы
|
| 610 |
1 |
|
|a спины
|
| 700 |
|
1 |
|a Попов
|b А. И.
|
| 701 |
|
1 |
|a Попков
|b А. Ф.
|
| 701 |
|
1 |
|a Кулагин
|b Н. Е.
|
| 801 |
|
1 |
|a RU
|b 63413507
|c 20050405
|g PSBO
|
| 801 |
|
2 |
|a RU
|b 63413507
|c 20101203
|g PSBO
|
| 942 |
|
|
|c BK
|